000 00660nam a22001937a 4500
999 _c15288
_d15288
003 AR-CdUCM
008 190401b ||||| |||| 00| 0 spa d
040 _aMUNICIPALIDAD PROVINCIAL DEL CUSCO
_cBIBLIOTECA MUNICIPAL DEL CUSCO
082 _aPI / 372.460 /
_bZ37
_237ma ed.
100 _aZapata Santillana, Everardo
_927530
245 _aCoquito B :
_bCartilla de lectura . Segunda parte /
260 _aPerú :
_bNavarrete,
_c1991.
300 _a64 páginas ;
_bIlustraciones
_c28 cm.
650 _aCartilla de lectura.
_927591
650 _aAprende a leer
_934125
650 _aTexto para niños (as)
_934114
942 _2ddc
_cLIBROS
945 _arum
_d2019-04-26